00721nam a22002057a 4500001000400000003000400004005001700008008004100025010001500066020002300081040003400104100004300138245007000181250002000251260005700271300003300328600009800361650001300459700004300472002OSt20251015084156.0250127b |||||||| |||| 00| 0 eng d a2012950268 a 978-1-61795-088-9 bEnglishcKARL KUMM UNIVERSITY aFeinberg, MargaretqFeinberg, Margaret aWonderstruck :bAwaken to the Nearness of God/cMargaret Feinberg aFirst Edition : aBrentwood, Tennessee 37027bWorthy Publishing/c2012 ax, 149 pages;beBOOK/c31 cm 2RELIGIONaFeinberg, MargaretqMargaret FeinbergtAwaken to the Nearness of God : Wonderstruck 2RELIGION aFeinberg, MargaretqFeinberg, Margaret